[Event "TCh-CRO Gp1A"]
[Site "Sibenik CRO"]
[Date "2010.09.10"]
[Round "7"]
[White "Jankovic,A"]
[Black "Cvitan,O"]
[Result "1-0"]
[WhiteElo "2560"]
[BlackElo "2531"]
[EventDate "2010.09.04"]

1. d4 Nf6 2. c4 e6 3. Nc3 Bb4 4. Bg5 c5 5. d5 h6 6. Bh4 d6 7. e3 Bxc3+ 8.
bxc3 Qe7 9. Nf3 Nbd7 10. Qc2 Nb6 11. Nd2 Bd7 12. Be2 exd5 13. cxd5 Nbxd5
14. O-O O-O 15. c4 Nb6 16. e4 Bc6 17. Rae1 Rae8 18. f4 Bxe4 19. Bd3 Bxd3
20. Qxd3 Qd8 21. Ne4 Nbd7 22. Nxd6 1-0

[Event "TCh-CRO Gp1A"]
[Site "Sibenik CRO"]
[Date "2010.09.10"]
[Round "7"]
[White "Sulava,N"]
[Black "Kuljasevic,D"]
[Result "1-0"]
[WhiteElo "2552"]
[BlackElo "2555"]
[EventDate "2010.09.04"]

1. c4 Nf6 2. Nc3 e5 3. Nf3 Nc6 4. e3 Bb4 5. Qc2 Bxc3 6. Qxc3 Qe7 7. a3 a5
8. d3 O-O 9. b3 d5 10. cxd5 Nxd5 11. Qc2 Bg4 12. Be2 Rad8 13. O-O Rd6 14.
h3 Bd7 15. Kh1 f5 16. Bb2 e4 17. Nh2 exd3 18. Bxd3 Nf6 19. Rad1 Ne4 20.
Bxe4 Qxe4 21. Qc3 Rg6 22. f3 Qe7 23. Rf2 Be6 24. Nf1 Qf7 25. Rd3 f4 26.
Rfd2 Rg5 27. exf4 Qxf4 28. Re2 Qf7 29. Rde3 Bd5 30. Nd2 b6 31. b4 axb4 32.
axb4 b5 33. Ne4 Rg6 34. Nc5 Bc4 35. Rd2 Rd6 36. Re4 Rxd2 37. Qxd2 Ne7 38.
Nd7 Ra8 39. Ne5 Qf8 40. Nxc4 Rd8 41. Qe2 Nf5 42. Be5 bxc4 43. Qxc4+ Qf7 44.
Qxf7+ Kxf7 45. Bxc7 Rd1+ 46. Kh2 Rb1 47. Rf4 Ke6 48. Rc4 Rb2 49. Re4+ Kf7
50. Be5 Rb3 51. h4 g6 52. Rc4 h5 53. Bg3 Rb2 54. Re4 Rb3 55. Bf2 Rb2 56.
Bc5 Rb1 57. Rc4 Ke6 58. Bg1 Rb2 59. Re4+ Kf7 60. Bc5 Rb1 61. g3 Rb2+ 62.
Kh3 Rb3 63. Rf4 Ke6 64. g4 Nh6 65. Re4+ 1-0

[Event "TCh-CRO Gp1A"]
[Site "Sibenik CRO"]
[Date "2010.09.10"]
[Round "7"]
[White "Hulak,K"]
[Black "Golubovic,B"]
[Result "0-1"]
[WhiteElo "2510"]
[BlackElo "2406"]
[EventDate "2010.09.04"]

1. d4 d5 2. c4 c6 3. Nf3 Nf6 4. e3 g6 5. Nc3 Bg7 6. Be2 O-O 7. O-O Bg4 8.
Qb3 Qb6 9. h3 Bxf3 10. Bxf3 e6 11. Rd1 Nbd7 12. Bd2 Rfe8 13. Be1 a5 14. Be2
Qa7 15. Qc2 dxc4 16. Bxc4 Nb6 17. Bf1 e5 18. dxe5 Rxe5 19. e4 Nh5 20. Bd2
Bf8 21. g4 Ng7 22. Bf4 Ree8 23. Be3 Ne6 24. Ne2 a4 25. f4 Qa5 26. Rac1 Rad8
27. Rxd8 Rxd8 28. f5 Nc7 29. Qc3 Bb4 30. Qf6 Rd6 31. Qg5 Bd2 32. e5 Rd3 33.
Bf4 Bxc1 34. Nxc1 Rd1 35. Nd3 Qd5 36. Nf2 Rb1 37. e6 fxe6 38. Bxc7 Nd7 39.
Qd8+ Kf7 40. Qh8 gxf5 41. Qxh7+ Ke8 42. Qg6+ Ke7 43. Qg7+ Ke8 44. Qg6+ Ke7
45. Qg5+ Kf7 46. Qh5+ Ke7 47. Qh4+ Kf7 48. Bd8 Ne5 49. Qf6+ Kg8 50. Be7
Nf3+ 51. Kg2 Ne5+ 52. Kg3 f4+ 53. Qxf4 Rxf1 54. Qf8+ Kh7 55. Bf6 Qf3+ 0-1

[Event "TCh-CRO Gp1A"]
[Site "Sibenik CRO"]
[Date "2010.09.11"]
[Round "8"]
[White "Naiditsch,A"]
[Black "Eljanov,P"]
[Result "1-0"]
[WhiteElo "2674"]
[BlackElo "2761"]
[EventDate "2010.09.04"]

1. e4 c6 2. d4 d5 3. exd5 cxd5 4. c4 Nf6 5. Nc3 Nc6 6. Bg5 dxc4 7. Bxc4 h6
8. Bh4 e6 9. Nf3 Be7 10. O-O O-O 11. Rc1 b6 12. Bd3 Bb7 13. Bb1 Rc8 14. Re1
Re8 15. a3 Nh5 16. Qc2 Bxh4 17. Qh7+ Kf8 18. d5 Bg5 19. Rcd1 Qf6 20. d6 g6
21. Nxg5 Rcd8 22. Nxe6+ 1-0

[Event "TCh-CRO Gp1A"]
[Site "Sibenik CRO"]
[Date "2010.09.11"]
[Round "8"]
[White "Saric,Iv"]
[Black "Kozul,Z"]
[Result "1-0"]
[WhiteElo "2567"]
[BlackElo "2604"]
[EventDate "2010.09.04"]

1. e4 c5 2. Nf3 Nc6 3. Nc3 d6 4. d4 cxd4 5. Nxd4 Nf6 6. Bg5 e6 7. Qd2 a6 8.
O-O-O Bd7 9. f4 b5 10. Bxf6 gxf6 11. Kb1 Qb6 12. Nxc6 Bxc6 13. Qe1 Rc8 14.
Nd5 Qd8 15. Bd3 h5 16. Qe3 Bh6 17. Rhf1 Kf8 18. Nb4 Bb7 19. Qa7 Qe7 20. f5
e5 21. Rfe1 Rg8 22. Bf1 Rg4 23. Nd5 Bxd5 24. Qxe7+ Kxe7 25. Rxd5 Rf4 26.
Rdd1 h4 27. a4 bxa4 28. Bxa6 Rc5 29. Re2 d5 30. exd5 Kd6 31. c4 Rxf5 32.
Ka2 Rf4 33. Ka3 Ra5 34. Bb5 Ra8 35. Rc2 Rd4 36. Bc6 Rb8 37. c5+ Kc7 38.
Rxd4 exd4 39. Bxa4 d3 40. d6+ Kd8 41. Rc4 Ra8 42. Re4 1-0

[Event "TCh-CRO Gp1A"]
[Site "Sibenik CRO"]
[Date "2010.09.11"]
[Round "8"]
[White "Jankovic,A"]
[Black "Jovanic,O"]
[Result "1-0"]
[WhiteElo "2560"]
[BlackElo "2523"]
[EventDate "2010.09.04"]

1. c4 c6 2. e4 d5 3. exd5 cxd5 4. d4 Nf6 5. Nc3 Nc6 6. Bg5 dxc4 7. Bxc4 h6
8. Be3 e6 9. Nf3 Bd6 10. O-O O-O 11. Qe2 Ne7 12. Rad1 Bd7 13. Ne5 Bc6 14.
Rfe1 Ned5 15. Bc1 Nxc3 16. bxc3 Be4 17. Bb3 Qc7 18. c4 Bh7 19. Qf3 Nd7 20.
Nxd7 Qxd7 21. c5 Be7 22. d5 Qb5 23. d6 Bf6 24. Bxh6 Qxc5 25. Be3 Qb4 26. d7
Rfd8 27. Qf4 Qa5 28. Re2 Qb5 29. Red2 Bc3 30. Rd6 Be5 31. Qg5 Bf5 32. Bd4
Bxd4 33. R6xd4 a6 34. Rh4 Bd3 35. Qe3 Qxd7 36. Rh3 Rac8 37. Rxd3 Qxd3 38.
Qxd3 Rc1+ 39. Qf1 Rxf1+ 40. Kxf1 g6 41. Ke2 Rd6 1-0

[Event "TCh-CRO Gp1A"]
[Site "Sibenik CRO"]
[Date "2010.09.11"]
[Round "8"]
[White "Saric,A"]
[Black "Kuljasevic,D"]
[Result "1/2-1/2"]
[WhiteElo "2472"]
[BlackElo "2555"]
[EventDate "2010.09.04"]

1. Nf3 d5 2. g3 Nf6 3. Bg2 g6 4. O-O Bg7 5. d4 O-O 6. c4 dxc4 7. Ne5 Nc6 8.
Nxc6 bxc6 9. Nc3 Rb8 10. e3 Nd5 11. Qa4 e5 12. Qxa7 Be6 13. Ne2 Nb4 14. Bd2
Nc2 15. Rac1 exd4 16. exd4 Nxd4 17. Nf4 Ne2+ 18. Nxe2 Qxd2 19. Nf4 Bd4 20.
Qxc7 Rfc8 21. Qe7 Re8 22. Qc7 Rbc8 23. Qb7 Qxb2 24. Bxc6 Qxb7 25. Bxb7 Rc7
26. Nxe6 fxe6 27. Ba6 c3 28. Rc2 Rb8 29. Re1 e5 30. a4 Rb4 31. Bb5 Kf7 32.
Kf1 g5 33. Ra1 Rc5 34. Bd3 Ra5 35. Bxh7 Raxa4 36. Rxa4 Rxa4 37. Kg2 Ra1 38.
h3 Ke6 39. Kf3 Kf6 1/2-1/2

[Event "TCh-CRO Gp1A"]
[Site "Sibenik CRO"]
[Date "2010.09.11"]
[Round "8"]
[White "Hulak,K"]
[Black "Zufic,M"]
[Result "1/2-1/2"]
[WhiteElo "2510"]
[BlackElo "2429"]
[EventDate "2010.09.04"]

1. d4 Nf6 2. c4 g6 3. g3 Bg7 4. Bg2 d5 5. cxd5 Nxd5 6. Nf3 O-O 7. O-O c5 8.
dxc5 Na6 9. Ng5 e6 10. Ne4 Bd7 11. Nbc3 Bc6 12. Rb1 f5 13. Nxd5 Bxd5 14.
Nd6 Bxg2 15. Kxg2 Nxc5 16. Be3 Qd7 17. Kg1 Na4 18. Nxb7 Qxd1 19. Rfxd1 Nxb2
20. Rd7 Rf7 21. Rxf7 Kxf7 22. Rc1 Na4 23. Rc7+ Kg8 24. Bd2 Rb8 25. Bb4 Be5
26. Rd7 Nb6 27. Rd8+ Kf7 28. Bd6 Rxb7 29. Bxe5 Nc4 30. Rb8 Rxb8 31. Bxb8 a5
32. Kf1 e5 33. Ke1 Ke6 34. Kd1 Kd5 35. Kc2 Na3+ 36. Kb2 Nb5 37. a4 Nd4 38.
Bc7 Nc6 39. Kc3 h5 40. Bb6 g5 41. h4 gxh4 42. gxh4 Nd4 43. Kd3 Nb3 44. e3
1/2-1/2

[Event "TCh-CRO Gp1A"]
[Site "Sibenik CRO"]
[Date "2010.09.11"]
[Round "8"]
[White "Sertic,Ru"]
[Black "Gashimov,V"]
[Result "0-1"]
[WhiteElo "2422"]
[BlackElo "2719"]
[EventDate "2010.09.04"]

1. d4 Nf6 2. c4 c5 3. d5 e6 4. Nc3 exd5 5. cxd5 Bd6 6. Bg5 O-O 7. e4 Re8 8.
Bd3 Nxe4 9. Nxe4 Qxg5 10. Qe2 Qd8 11. g4 Na6 12. Nh3 Be5 13. f4 Bd4 14.
O-O-O d6 15. Bb1 Nc7 16. Nhg5 Nxd5 17. Rxd4 cxd4 18. Qd3 Qc7+ 19. Bc2 Nb4
20. Nf6+ gxf6 21. Qxh7+ Kf8 22. Qh8+ Ke7 23. Re1+ Be6 24. Rxe6+ Kd7 0-1

[Event "TCh-CRO Gp1A"]
[Site "Sibenik CRO"]
[Date "2010.09.11"]
[Round "8"]
[White "Grachev,B"]
[Black "Mrkonjic,N"]
[Result "1-0"]
[WhiteElo "2668"]
[BlackElo "2394"]
[EventDate "2010.09.04"]

1. d4 d5 2. c4 c6 3. Nc3 Nf6 4. e3 g6 5. Nf3 Bg7 6. Be2 O-O 7. O-O a6 8. a4
a5 9. Qb3 Na6 10. cxd5 Nxd5 11. Nxd5 cxd5 12. Bd2 Nb8 13. Rfc1 Nc6 14. Bb5
Qd6 15. Rc5 Be6 16. Bxc6 bxc6 17. Qc3 Bd7 18. Rxa5 Rxa5 19. Qxa5 Rb8 20.
Bc3 f6 21. Qa7 Bc8 22. h3 e5 23. dxe5 fxe5 24. Qxg7+ Kxg7 25. Bxe5+ Qxe5
26. Nxe5 c5 27. Rc1 c4 28. e4 Kf6 29. Nc6 Rxb2 30. exd5 Ba6 31. d6 Ke6 32.
Rd1 Bc8 33. Rc1 Kxd6 34. Na5 Ke6 35. Nxc4 Rb4 36. Nb2 Rxb2 37. Rxc8 Ra2 38.
Rc6+ Kf5 39. Ra6 h5 40. g3 Ra1+ 41. Kg2 Ra3 42. Ra8 Kf6 43. Rf8+ Ke5 44.
Rf4 Ra1 45. h4 Ra3 46. Kf1 Ra2 47. Ke1 Rb2 48. Kd1 Ra2 49. Kc1 Kd5 50. Kb1
Re2 51. a5 Re6 52. Ra4 Ra6 53. Kc2 Kc6 54. Kd3 Kb5 55. Ra2 Rd6+ 56. Ke4 Ka6
1-0

[Event "TCh-CRO Gp1A"]
[Site "Sibenik CRO"]
[Date "2010.09.11"]
[Round "8"]
[White "Vargic,D"]
[Black "Stevic,H"]
[Result "1/2-1/2"]
[WhiteElo "2360"]
[BlackElo "2607"]
[EventDate "2010.09.04"]

1. e4 c5 2. Nc3 Nc6 3. g3 g6 4. Bg2 Bg7 5. d3 d6 6. Be3 Nd4 7. Qd2 Nf6 8.
h3 e5 9. Nd1 d5 10. c3 Ne6 11. Bh6 Bxh6 12. Qxh6 d4 13. Ne2 g5 14. h4 c4
15. cxd4 cxd3 16. Nec3 d2+ 17. Kf1 exd4 18. Nd5 Ng4 19. Qh5 Nc7 20. Nxc7+
Qxc7 21. Qxg5 Qc4+ 22. Kg1 Qe2 23. Qf4 Qe1+ 24. Bf1 Bd7 25. f3 Bb5 26. fxg4
O-O-O 1/2-1/2

[Event "TCh-CRO Gp1A"]
[Site "Sibenik CRO"]
[Date "2010.09.11"]
[Round "8"]
[White "Cvitan,O"]
[Black "Krstic,U"]
[Result "0-1"]
[WhiteElo "2531"]
[BlackElo "2410"]
[EventDate "2010.09.04"]

1. d4 Nf6 2. c4 g6 3. Nf3 Bg7 4. g3 O-O 5. Bg2 d6 6. O-O Nc6 7. Nc3 a6 8.
d5 Na5 9. Nd2 c5 10. Qc2 Rb8 11. b3 b5 12. Rb1 e5 13. e4 Ng4 14. cxb5 axb5
15. b4 cxb4 16. Rxb4 Bd7 17. Qb1 Qb6 18. Nxb5 Bh6 19. Nb3 Bxb5 20. Bxh6
Nxh6 21. Qb2 Qa6 22. Rb1 Bd3 23. Nxa5 Rxb4 24. Qxb4 Bxb1 25. Nc6 Qd3 0-1

[Event "TCh-CRO Gp1A"]
[Site "Sibenik CRO"]
[Date "2010.09.11"]
[Round "8"]
[White "Ascic,P"]
[Black "Sulava,N"]
[Result "0-1"]
[WhiteElo "2310"]
[BlackElo "2552"]
[EventDate "2010.09.04"]

1. e4 c5 2. Nf3 e6 3. d4 cxd4 4. Nxd4 a6 5. Nc3 Qc7 6. Bd3 Nf6 7. O-O Be7
8. Kh1 d6 9. a4 b6 10. f4 Nbd7 11. Qe2 Bb7 12. Bd2 O-O 13. Rae1 Nc5 14. b4
Nxd3 15. cxd3 Rfc8 16. Rc1 Qd7 17. b5 g6 18. bxa6 Bxa6 19. Ndb5 Rc6 20. Rb1
Rac8 21. Rb3 Bd8 22. Kg1 d5 23. e5 d4 24. Na2 Nd5 25. Nxd4 Rc5 26. Nb4 Bb7
27. Nb5 Be7 28. Rb2 Ra8 29. Nxd5 Qxd5 30. Be3 Rcc8 31. Bxb6 Rxa4 32. Nd6
Bxd6 33. exd6 Qxd6 34. Qe5 Qxd3 35. Qe3 Qc4 36. Rd2 Ba6 37. Rdf2 Qc6 38.
Re1 Re4 39. Rc2 0-1

[Event "TCh-CRO Gp1A"]
[Site "Sibenik CRO"]
[Date "2010.09.11"]
[Round "8"]
[White "Golubovic,B"]
[Black "Drmic,T"]
[Result "1-0"]
[WhiteElo "2406"]
[BlackElo "2302"]
[EventDate "2010.09.04"]

1. c4 e6 2. Nf3 Nf6 3. Nc3 Bb4 4. Qc2 c5 5. a3 Ba5 6. e3 Nc6 7. d4 d6 8.
Be2 O-O 9. O-O a6 10. b3 Qe7 11. Bb2 Rb8 12. Rfd1 Bd7 13. Rab1 Rfc8 14.
dxc5 dxc5 15. Ng5 h6 16. Nce4 Nxe4 17. Nxe4 Bc7 18. Bf6 Qe8 19. Nxc5 1-0

[Event "TCh-CRO Gp1A"]
[Site "Sibenik CRO"]
[Date "2010.09.11"]
[Round "8"]
[White "Brkic,A"]
[Black "Hracek,Z"]
[Result "1/2-1/2"]
[WhiteElo "2564"]
[BlackElo "2633"]
[EventDate "2010.09.04"]

1. e4 e5 2. Nf3 Nc6 3. Bb5 Nf6 4. d3 Bc5 5. Bxc6 dxc6 6. h3 Qd6 7. Nbd2 Be6
8. b3 Nd7 9. Bb2 f6 10. Nc4 Bxc4 11. dxc4 1/2-1/2

[Event "TCh-CRO Gp1A"]
[Site "Sibenik CRO"]
[Date "2010.09.11"]
[Round "8"]
[White "Jovanovic,Zo CRO"]
[Black "Rogic,D"]
[Result "1/2-1/2"]
[WhiteElo "2520"]
[BlackElo "2591"]
[EventDate "2010.09.04"]

1. e4 e5 2. Nf3 Nc6 3. Bb5 a6 4. Ba4 Nf6 5. Qe2 b5 6. Bb3 Be7 7. O-O O-O 8.
c3 d6 9. Rd1 Na5 10. Bc2 c5 11. d4 Qc7 12. d5 Nc4 13. b3 Nb6 14. Nbd2 Bd7
15. Nf1 1/2-1/2

[Event "TCh-CRO Gp1A"]
[Site "Sibenik CRO"]
[Date "2010.09.11"]
[Round "8"]
[White "Kovacevic,Bl"]
[Black "Sermek,D"]
[Result "1/2-1/2"]
[WhiteElo "2459"]
[BlackElo "2524"]
[EventDate "2010.09.04"]

1. d4 d5 2. c4 dxc4 3. e3 c5 4. Bxc4 cxd4 5. Nf3 e6 6. exd4 Nf6 7. O-O Nc6
8. Nc3 Be7 9. Re1 O-O 10. a3 b6 11. Ba2 Bb7 12. Qd3 Rc8 13. Bg5 Nd5 14. h4
Nxc3 15. bxc3 Re8 16. Bxe7 Nxe7 17. Ng5 Ng6 18. Re3 Nf8 19. Rg3 h6 20. Ne4
Bd5 21. c4 Bxe4 22. Qxe4 Qf6 23. Re1 Red8 24. Rd3 Rc7 25. g3 Ng6 26. Kg2
Rcd7 27. Red1 Ne7 28. d5 1/2-1/2

[Event "TCh-CRO Gp1A"]
[Site "Sibenik CRO"]
[Date "2010.09.11"]
[Round "8"]
[White "Fercec,N"]
[Black "Zivkovic,Vj"]
[Result "0-1"]
[WhiteElo "2498"]
[BlackElo "2379"]
[EventDate "2010.09.04"]

1. e4 c5 2. Nf3 d6 3. d4 cxd4 4. Nxd4 Nf6 5. Nc3 a6 6. Bg5 e6 7. f4 Qb6 8.
Qd3 Qxb2 9. Rb1 Qa3 10. f5 Be7 11. Be2 Qa5 12. Bd2 Qc7 13. fxe6 fxe6 14. g4
h6 15. e5 dxe5 16. Qg6+ Kf8 17. Nf3 Bd7 18. g5 Be8 19. Qd3 hxg5 20. Nxg5
Kg8 21. Rg1 Qc8 22. Qg3 Bf8 23. Nce4 Nxe4 24. Nxe4 Nd7 25. Rb3 Qxc2 26. Qg2
Rc8 27. Bd3 Qxa2 28. Rxb7 Qa1+ 29. Bb1 Rc7 30. Rxc7 Qxb1+ 31. Rc1 Qd3 32.
Rc3 Qb1+ 33. Rc1 Qd3 34. Rc8 Rh4 35. Nc3 Nf6 36. Qg3 Qxg3+ 37. hxg3 Rg4 38.
Ra8 Bc6 39. Rxa6 Bc5 40. Rf1 Bg2 41. Rxe6 Bxf1 42. Kxf1 Rxg3 43. Ke2 Kf7
44. Rc6 Bb4 45. Ne4 Nxe4 46. Bxb4 Rb3 47. Ba5 Nf6 48. Bc3 Nd5 49. Bd2 Nf4+
50. Kf2 Ne6 51. Bc3 Kf6 52. Ke2 Kf5 53. Kd2 g5 54. Rc4 Ra3 55. Rb4 Nf4 56.
Rb5 Ng6 57. Rb7 Nh4 58. Bb2 Rh3 59. Rb5 Ng6 60. Ke1 g4 61. Kf1 Rd3 62. Kg1
Rd2 63. Kf1 g3 64. Kg1 Nf4 0-1

[Event "TCh-CRO Gp1A"]
[Site "Sibenik CRO"]
[Date "2010.09.11"]
[Round "8"]
[White "Palac,M"]
[Black "Lalic,B"]
[Result "1/2-1/2"]
[WhiteElo "2561"]
[BlackElo "2495"]
[EventDate "2010.09.04"]

1. e4 c6 2. d4 d5 3. Nc3 dxe4 4. Nxe4 Bf5 5. Ng3 Bg6 6. h4 h6 7. Nf3 Nd7 8.
h5 Bh7 9. Bd3 Bxd3 10. Qxd3 e6 11. Bd2 Ngf6 12. O-O-O Be7 13. Kb1 O-O 14.
Ne4 c5 15. dxc5 Nxc5 16. Qxd8 Rfxd8 17. Nxf6+ Bxf6 18. Be3 Rxd1+ 19. Rxd1
Rc8 20. c3 Kf8 21. g4 Ke8 22. Nd2 Be7 23. f4 f5 24. gxf5 exf5 25. Nf3 Bf6
26. Rd5 Ne4 27. Bd4 Bxd4 28. Nxd4 Rc5 29. Rxc5 Nxc5 30. Kc2 Kf7 31. Nxf5
Kf6 32. Ng3 1/2-1/2

[Event "TCh-CRO Gp1A"]
[Site "Sibenik CRO"]
[Date "2010.09.11"]
[Round "8"]
[White "Zaja,I"]
[Black "Dizdar,G"]
[Result "1/2-1/2"]
[WhiteElo "2482"]
[BlackElo "2555"]
[EventDate "2010.09.04"]

1. d4 Nf6 2. c4 e6 3. Nc3 Bb4 4. e3 O-O 5. Bd3 d5 6. Nf3 c5 7. O-O Nc6 8.
a3 Bxc3 9. bxc3 dxc4 10. Bxc4 Qc7 11. Bb5 a6 12. Bd3 e5 13. Qc2 Re8 14. e4
c4 15. Bxc4 exd4 16. cxd4 Na5 17. Ne5 Be6 18. Bd3 Qxc2 19. Bxc2 Rac8 20.
Bd3 Nb3 21. Rb1 Nxd4 22. Rxb7 Nxe4 23. Rb4 Nb3 24. Bxa6 Rxc1 25. Rxc1 Nxc1
26. Rxe4 Ra8 27. Bc4 Rxa3 28. Bxe6 fxe6 29. Rb4 h6 30. h4 Nd3 31. Rb8+ Kh7
32. Nxd3 1/2-1/2

[Event "TCh-CRO Gp1A"]
[Site "Sibenik CRO"]
[Date "2010.09.11"]
[Round "8"]
[White "Zelcic,R"]
[Black "Muse,M"]
[Result "1/2-1/2"]
[WhiteElo "2554"]
[BlackElo "2446"]
[EventDate "2010.09.04"]

1. e4 g6 2. d4 Bg7 3. Nc3 d6 4. Be3 a6 5. f4 b5 6. Bd3 Bb7 7. Nf3 Nd7 8. e5
c5 9. Be4 Bxe4 10. Nxe4 c4 11. Nfg5 d5 12. e6 fxe6 13. Nxe6 Qb6 14. Nxg7+
Kf7 15. Nc5 Nxc5 16. dxc5 Qc6 17. Bd4 Nf6 18. g4 Rhg8 19. g5 Ne4 20. f5
Rxg7 21. Bxg7 Kxg7 22. Qd4+ Kg8 23. O-O-O gxf5 24. Qxd5+ Qxd5 25. Rxd5 e6
26. Rd7 Rc8 27. Rhd1 Nxc5 28. Rd8+ Rxd8 29. Rxd8+ Kf7 30. h4 Ne4 31. Rd7+
Kg6 32. Re7 Nc5 33. Rc7 Ne4 34. Rc6 Kh5 35. Rxe6 Kxh4 36. g6 hxg6 37. Rxg6
f4 38. Kd1 f3 39. Ke1 Kh3 40. Kf1 b4 41. Re6 Nc5 42. Re5 Na4 43. b3 cxb3
44. axb3 Nc3 45. Rg5 Ne4 46. Rg8 a5 47. Rg7 Kh4 48. Re7 Nc3 49. Kf2 Kg4 50.
Rg7+ Kf4 51. Rf7+ Ke4 52. Rxf3 Nd1+ 53. Kg3 Ne3 54. Rf2 Nf5+ 55. Kg2 Ne3+
56. Kg1 Nd1 57. Rd2 Nc3 58. Rd3 a4 59. bxa4 Nxa4 60. Kf2 Nc5 61. Rh3 Kd4
62. Ke2 Kc4 63. Kd2 Ne4+ 64. Kc1 Nc5 65. Rh4+ Kc3 66. Rh8 Kc4 67. Kd2 Ne4+
68. Ke3 Nc5 69. Kd2 Ne4+ 70. Kc1 Nc5 71. Rh3 Kd4 72. Kb2 Kc4 73. Rh4+ Kb5
74. Rg4 Na4+ 75. Kc1 Nc5 76. Kd2 Ka5 77. Ke3 Kb5 78. Rh4 Ne6 79. Kd3 Nc5+
80. Kd4 Ne6+ 81. Ke5 Nc5 82. Kd5 Na4 83. Kd4 Nb2 84. Rh1 Ka5 85. Rb1 Na4
86. Kc4 Nb6+ 87. Kb3 Kb5 88. Rd1 Na4 89. Rd4 Nc5+ 90. Kb2 Ne6 91. Rh4 Nc5
92. Kc1 Ka5 93. Kd2 Kb5 94. Ke3 Ne6 95. Rh6 Nc5 96. Kd4 Nb7 97. Rh4 Ka4 98.
Rh1 Kb5 99. Rb1 Na5 100. Kd5 b3 101. c3 Ka4 102. Kc5 Ka3 103. Kb5 Ka2 104.
Rh1 Nb7 105. Kc6 Na5+ 106. Kb5 Nb7 107. Kb6 Nd6 108. Rh2+ 1/2-1/2

[Event "TCh-CRO Gp1A"]
[Site "Sibenik CRO"]
[Date "2010.09.11"]
[Round "8"]
[White "Kovacevic,Vlat"]
[Black "Loncar,R"]
[Result "1/2-1/2"]
[WhiteElo "2471"]
[BlackElo "2419"]
[EventDate "2010.09.04"]

1. Nf3 c5 2. e3 Nf6 3. c4 g6 4. b3 Bg7 5. Bb2 O-O 6. Be2 Nc6 7. O-O d5 8.
cxd5 Qxd5 9. Nc3 Qf5 10. Rc1 b6 11. a3 Bb7 12. d3 Rfd8 13. Qc2 Rac8 14. Qb1
e5 15. Ba1 Qe6 16. Rfd1 Qe7 17. Nd2 Rd7 18. Nc4 Rcd8 19. b4 cxb4 20. axb4
Nxb4 21. Nxe5 Qxe5 22. Qxb4 Qg5 23. Bf1 Nd5 24. Nxd5 Qxd5 25. Bxg7 Kxg7 26.
Rc4 Qd6 27. Qc3+ 1/2-1/2

[Event "TCh-CRO Gp1A"]
[Site "Sibenik CRO"]
[Date "2010.09.11"]
[Round "8"]
[White "Bosiocic,Mari"]
[Black "Khenkin,I"]
[Result "1/2-1/2"]
[WhiteElo "2557"]
[BlackElo "2614"]
[EventDate "2010.09.04"]

1. Nf3 d5 2. c4 d4 3. g3 g6 4. Bg2 Bg7 5. O-O e5 6. d3 Ne7 7. b4 O-O 8. a4
a5 9. b5 c5 10. Ra2 h6 11. e3 dxe3 12. Bxe3 Nd7 13. Qc1 Kh7 14. Nbd2 Rb8
15. Ne4 Qc7 16. b6 Qxb6 17. Qa3 Nf5 18. Bxc5 Nxc5 19. Nxc5 Rd8 20. Ne4 Be6
21. Rfa1 1/2-1/2

[Event "TCh-CRO Gp1A"]
[Site "Sibenik CRO"]
[Date "2010.09.11"]
[Round "8"]
[White "Horvath,Cs1"]
[Black "Kosic,D"]
[Result "1/2-1/2"]
[WhiteElo "2529"]
[BlackElo "2481"]
[EventDate "2010.09.04"]

1. d4 e6 2. c4 Bb4+ 3. Bd2 Bxd2+ 4. Qxd2 Nf6 5. Nf3 O-O 6. g3 d5 7. Bg2 c6
8. Qc2 Nbd7 9. O-O b6 10. Nbd2 Bb7 11. b4 a5 12. a3 Qe7 13. Qb2 axb4 14.
axb4 Rfc8 15. e3 Qd8 16. Rfc1 Rxa1 17. Rxa1 Ra8 18. Ne1 Rxa1 19. Qxa1 Qa8
20. Qxa8+ Bxa8 21. Nd3 Bb7 22. e4 dxc4 23. Nxc4 Ba6 1/2-1/2

[Event "TCh-CRO Gp1A"]
[Site "Sibenik CRO"]
[Date "2010.09.11"]
[Round "8"]
[White "Miladinovic,I"]
[Black "Komljenovic,D"]
[Result "1-0"]
[WhiteElo "2560"]
[BlackElo "2465"]
[EventDate "2010.09.04"]

1. d4 d5 2. Bf4 Nf6 3. e3 c5 4. Nc3 Qa5 5. dxc5 Nbd7 6. a3 Qxc5 7. Nf3 a6
8. h3 e6 9. Bd3 Bd6 10. O-O e5 11. Bh2 O-O 12. Bf5 Re8 13. Nd2 Nb6 14. Bd3
Be6 15. e4 d4 16. Ne2 Na4 17. b4 Qc7 18. f4 Nb2 19. Qe1 exf4 20. Bxf4 Bxf4
21. Nxf4 b5 22. Nxe6 Rxe6 23. Nb3 Qc3 24. e5 Nxd3 25. Qxc3 dxc3 26. exf6
Nb2 27. fxg7 Kxg7 28. Rf3 Na4 29. Raf1 Rf8 30. Nd4 Re4 31. Nf5+ Kh8 32. Nd6
Re6 33. Nxf7+ Kg7 34. Ng5 1-0

[Event "TCh-CRO Gp1A"]
[Site "Sibenik CRO"]
[Date "2010.09.11"]
[Round "8"]
[White "Feletar,D"]
[Black "Doric,D"]
[Result "1/2-1/2"]
[WhiteElo "2391"]
[BlackElo "2471"]
[EventDate "2010.09.04"]

1. c4 f5 2. g3 Nf6 3. Bg2 g6 4. Nf3 Bg7 5. O-O O-O 6. Nc3 d6 7. d3 Nc6 8.
Rb1 a5 9. a3 h6 10. b4 axb4 11. axb4 e5 12. b5 Ne7 13. Bb2 Be6 14. Qc2 g5
15. Ra1 Qd7 16. Rxa8 Rxa8 17. Ra1 Rxa1+ 18. Bxa1 g4 19. Nd2 b6 20. Bb2 h5
21. Qa4 h4 22. Qa8+ Kh7 23. Kf1 Bh6 24. Ke1 Bg5 25. Kd1 Kg6 26. Ke1 Kh7 27.
Kd1 Kg6 28. Ke1 Kf7 29. Kd1 Qc8 30. Qxc8 Bxc8 31. Ba8 Be6 32. Bb7 Bh6 33.
Ba8 Bg5 34. Bb7 Nd7 35. Ba8 Nc5 36. Ba3 Nd7 37. Bb2 Bf6 38. Kc2 Kf8 39. Nf1
Bg5 40. Kd1 Ke8 41. Ba3 Nf6 42. Bb2 Nh5 43. Bc1 Bf6 44. Bd2 Kf7 45. Be1 Bg5
46. Bb7 Kg6 47. Ba8 Nf6 48. Kc2 1/2-1/2

[Event "TCh-CRO Gp1A"]
[Site "Sibenik CRO"]
[Date "2010.09.11"]
[Round "8"]
[White "Ramesa,D"]
[Black "Kutuzovic,B"]
[Result "1/2-1/2"]
[WhiteElo "2326"]
[BlackElo "2334"]
[EventDate "2010.09.04"]

1. Nf3 b6 2. g3 Bb7 3. Bg2 g6 4. d4 Bg7 5. c4 Nf6 6. O-O O-O 7. d5 e6 8.
Nc3 c6 9. e4 exd5 10. cxd5 Na6 11. Bg5 h6 12. Bf4 Re8 13. Nd4 Nc7 14. Rc1
Rc8 15. Qd2 Kh7 16. Bxc7 Qxc7 17. f4 Qb8 18. e5 Nxd5 19. Nxd5 cxd5 20. Nb5
Bf8 21. b4 a6 22. Nd4 Rxc1 23. Rxc1 Rc8 24. Rxc8 Qxc8 25. f5 Qe8 26. Nf3
Qe7 27. a3 d6 28. e6 gxf5 29. exf7 Bg7 30. Qf4 Qxf7 31. Bh3 d4 32. Bxf5+
Kh8 33. Nh4 Qf6 34. Qg4 d3 35. Ng6+ Kg8 36. Bxd3 Qd4+ 37. Qxd4 Bxd4+ 38.
Kf1 Kf7 39. a4 Kf6 40. b5 a5 41. Nf4 Ke5 42. Ng6+ Kf6 43. Nf4 Bc5 44. Ke2
Ke5 45. Bc2 Ba3 46. h4 Kf6 1/2-1/2

[Event "TCh-CRO Gp1A"]
[Site "Sibenik CRO"]
[Date "2010.09.11"]
[Round "8"]
[White "Muse,D"]
[Black "Ramesa,M"]
[Result "1-0"]
[WhiteElo "2370"]
[BlackElo "2229"]
[EventDate "2010.09.04"]

1. Nf3 Nf6 2. c4 e6 3. Nc3 Bb4 4. g4 h6 5. Rg1 d5 6. Qa4+ Nc6 7. Ne5 Bxc3
8. bxc3 Bd7 9. Nxd7 Qxd7 10. Rb1 Ne5 11. Qxd7+ Kxd7 12. cxd5 exd5 13. Rxb7
Rhe8 14. Kd1 g5 15. h3 Kc6 16. Rb1 Rab8 17. Rxb8 Rxb8 18. d3 Ng6 19. Kc2
Kd6 20. e3 Nd7 21. Be2 Re8 22. Ba3+ Ke6 23. Rb1 Nb6 24. Rb5 Ne5 25. Kd2 Kd7
26. Bc5 Kc6 27. Ra5 Rd8 28. Bd4 Ned7 29. Rxa7 Rb8 30. Kc2 Kd6 31. c4 c5 32.
Bc3 Re8 1-0

[Event "TCh-CRO Gp1A"]
[Site "Sibenik CRO"]
[Date "2010.09.12"]
[Round "9"]
[White "Kosic,D"]
[Black "Dreev,A"]
[Result "0-1"]
[WhiteElo "2481"]
[BlackElo "2649"]
[EventDate "2010.09.04"]

1. d4 d5 2. c4 e6 3. Nf3 Nf6 4. e3 c6 5. Nbd2 c5 6. dxc5 Bxc5 7. a3 O-O 8.
b4 Be7 9. Bb2 a5 10. bxa5 Qxa5 11. cxd5 Nxd5 12. Bd3 Bd7 13. O-O Bb5 14.
Nb3 Qa6 15. Bxb5 Qxb5 16. Nfd4 Qa4 17. Nd2 Nd7 18. N2f3 N7b6 19. Qxa4 Rxa4
20. Rfb1 Nc4 21. Bc1 b6 22. Nb5 Rfa8 23. Rb3 Rc8 24. Rab1 Ra5 25. Nd2 Ne5
26. Bb2 Nd7 27. Rc1 Nc5 28. Bd4 Nc7 29. Nxc7 Nxb3 30. Nxb3 Rxa3 31. Nd2 Rd3
32. Nf1 b5 33. Bb6 b4 34. Rb1 b3 35. Ba5 0-1

[Event "TCh-CRO Gp1A"]
[Site "Sibenik CRO"]
[Date "2010.09.12"]
[Round "9"]
[White "Lalic,B"]
[Black "Miladinovic,I"]
[Result "1/2-1/2"]
[WhiteElo "2495"]
[BlackElo "2560"]
[EventDate "2010.09.04"]

1. d4 d5 2. c4 e6 3. Nc3 Nf6 4. Bg5 Be7 5. e3 O-O 6. Nf3 h6 7. Bh4 Ne4 8.
Bxe7 Qxe7 9. Rc1 Nxc3 10. Rxc3 c6 11. Bd3 Nd7 12. O-O dxc4 1/2-1/2